| 000 | 00775nam a22002297a 4500 | ||
|---|---|---|---|
| 999 |
_c441 _d441 |
||
| 001 | 002272 | ||
| 003 | CoMeUDC002272 | ||
| 005 | 20181215161616.0 | ||
| 008 | 130821s1963 sp gr spa | ||
| 040 |
_aCo-BoUCM _bspa _cCoMeUDC |
||
| 041 | _aspa | ||
| 082 | 0 | 4 |
_a341.01 _220 _bV486d |
| 100 | 1 | _aVerdross, Alfred | |
| 245 | 1 | 0 |
_aDerecho internacional público / _cAlfred Verdross ; traducción directa con notas y bibliografías adicionales por Antonio Truyol y Serra |
| 250 | _a4a. Ed. | ||
| 260 |
_aMadrid (España) : _bAguilar , _c1963. |
||
| 300 | _a549 páginas | ||
| 650 | 0 | 4 |
_aDerecho internacional público _97498 |
| 650 | 0 | 4 |
_aDerecho internacional _912776 |
| 700 | 1 |
_aTruyol y Serra, Antonio _etrad. |
|
| 942 |
_cBK _a8 _e4 _mV486d _2ddc _h341.01 |
||